Guru Tegh Bahadur, prophet and martyr; (Record no. 77578)

MARC details
000 -LEADER
fixed length control field 00670cam a22002291 4500
001 - CONTROL NUMBER
control field sa 68000955
003 - CONTROL NUMBER IDENTIFIER
control field DLC
005 - DATE AND TIME OF LATEST TRANSACTION
control field 20260227112428.0
008 - FIXED-LENGTH DATA ELEMENTS--GENERAL INFORMATION
fixed length control field 710903s1967 ii ah b 000 0beng
010 ## - LIBRARY OF CONGRESS CONTROL NUMBER
LC control number sa 68000955
025 ## - OVERSEAS ACQUISITION NUMBER
Overseas acquisition number PL480:I-E-8594
040 ## - CATALOGING SOURCE
Original cataloging agency DLC
Transcribing agency DLC
Modifying agency DLC
050 00 - LIBRARY OF CONGRESS CALL NUMBER
Classification number BL2017.9.T4
Item number S5
082 00 - DEWEY DECIMAL CLASSIFICATION NUMBER
Classification number 294.5/53/0924
-- B
100 1# - MAIN ENTRY--PERSONAL NAME
Personal name Singh, Trilochan.
245 10 - TITLE STATEMENT
Title Guru Tegh Bahadur, prophet and martyr;
Remainder of title a biography.
260 ## - PUBLICATION, DISTRIBUTION, ETC.
Place of publication, distribution, etc. Delhi,
Name of publisher, distributor, etc. Gurdwara Parbandhak Committee
Date of publication, distribution, etc. [1967]
300 ## - PHYSICAL DESCRIPTION
Extent xxi, 358 p.
Other physical details illus., facsims.
Dimensions 25 cm.
350 ## - PRICE (NR) (BK AM CF MU VM SE) [OBSOLETE]
Price Rs15
-- $4
504 ## - BIBLIOGRAPHY, ETC. NOTE
Bibliography, etc. note Bibliography: p. [337]-344.
600 00 - SUBJECT ADDED ENTRY--PERSONAL NAME
Personal name Tegh Bahadur,
Titles and other words associated with a name Guru,
Dates associated with a name 1621-1675.

No items available.

Powered by Koha